000 00390nam a2200157 a 4500
005 20140414093841.0
008 071009s19uu xx uuu eng d
050 _aVCD 350
_bDEF 2004
245 _aDefcon 2.
260 _aSl :
_bDiscovery,
_cc2004.
300 _a1 video disk.
650 _aFilm (documentary).
650 _aUnited States
_xDefences.
942 _cAVM
999 _c109284
_d109284